Some aditional knowledge conditions for sociology /

Enregistré dans:
Détails bibliographiques
Auteur principal: Freemantle, Harry
Autres auteurs: Wickham, Gary
Format: Texte
Tags: Ajouter un tag
Pas de tags, Soyez le premier à ajouter un tag!

MARC

LEADER 00000 a a2200000 04500
001 4786
003
040
100 |a Freemantle, Harry  
245 |a Some aditional knowledge conditions for sociology /  |c Harry Freemantle 
700 |a Wickham, Gary  
773 |g volumen 56, número 6; páginas 884-903  
999 |c 24668  |d 24668